| 000 | 01398nam a2200445 a 4500 | ||
|---|---|---|---|
| 001 | 22327 | ||
| 003 | VRT | ||
| 005 | 20260326135900.0 | ||
| 008 | 180809s2010 xo a a 000 p slo | ||
| 015 | _aSNBA2012/11-05541 | ||
| 020 |
_a9788071469681 _q(viaz.) |
||
| 039 | 9 |
_a202309111533 _bAUTHORITY _c201808091558 _dVLOAD _c201405301111 _dmsllk01 _c201301281438 _dmsnk38 |
|
| 040 |
_aSNK _bslo _cSNK _eAACR2 |
||
| 041 | 0 | _aslo | |
| 044 |
_axo _cSK |
||
| 072 | 7 |
_a821-93 _xLiteratúra pre deti a mládež (beletria) _2konspekt |
|
| 080 |
_a821-93 _22001 |
||
| 080 |
_a821-193 _22001 |
||
| 080 |
_a(0:82-193) _22001 |
||
| 080 |
_a(0.025.2) _22001 |
||
| 245 | 0 | 0 |
_aNesmelý sloník _czveršovala Gabriela Dittelová |
| 250 | _a1. slov. vyd. | ||
| 260 |
_aBratislava _bJunior _c2010 |
||
| 300 |
_a[10] s. _bilustr. _c23 cm |
||
| 500 | _aKartónové listy s trblietavými obrázkami | ||
| 521 | _aNevhodné pre deti do 3 rokov | ||
| 655 | 7 |
_apublikácie pre deti _2SNKPH |
|
| 655 | 7 |
_ariekanky _2SNKPH |
|
| 655 | 7 |
_aleporelá _2SNKPH |
|
| 700 | 1 |
_aDittelová, Gabriela, _d1973- _4aut |
|
| 910 | _asnk | ||
| 910 | _avthk | ||
| 910 | _attkjf | ||
| 910 | _abpksh | ||
| 910 | _asllk | ||
| 942 |
_2ddc _cKLDE _n0 |
||
| 949 |
_617A0691087 _asnkOSC 25452 D1 _bsnk2011/6043 _o646/11 |
||
| 949 |
_617A0691088 _asnkOSC 25452 _bsnk2011/6042 _o646/11 |
||
| 949 |
_63869A19824 _abpksh821-93:821-193 _bbpksh60121 |
||
| 999 |
_c22327 _d22327 |
||